000 00766nam a2200253 i 4500
001 bg
100 1 _aRosen, Kenneth H.
245 1 0 _aDiscrete mathematics and its applications /
_cKenneth H. Rosen.
250 _a6th ed.
260 _aBoston [et al.] :
_bMcGraw Hill,
_c2007.
300 _aXXII, 843 s. :
_bil.
_c26 cm.
504 _aIndeks
650 9 _aMatematyka
_xstosowanie
655 _aPodręczniki akademickie
020 _a9780071244749
040 _cBPK
041 0 _apol
044 _aUSA
080 _a51(075.8)
920 _a978-007-124474-9
942 _cKS
008 s pl f |000 0 pol
999 _c54508
_d54508
856 _uhttp://koha.tu.koszalin.pl/cgi-bin/koha/opac-detail.pl?biblionumber=54508
_yKatalog online BPK